Statistics for US States by State Mottos

Click here to take the quiz!

General Stats

  • This quiz has been taken 473 times
  • The average score is 14 of 50

Answer Stats

Motto (English)State% Correct
North to the futureAlaska
70%
Live free or dieNew Hampshire
54%
I have found itCalifornia
48%
The crossroads of AmericaIndiana
45%
Mountaineers are always freeWest Virginia
44%
The star of the northMinnesota
44%
We dare defend our rightsAlabama
41%
If you seek a pleasant peninsular, look about youMichigan
36%
In God we trustFlorida
34%
God enrichesArizona
33%
Gold and silverMontana
33%
Equal rightsWyoming
32%
Wisdom, justice and moderationGeorgia
31%
The people ruleArkansas
31%
Liberty and independenceDelaware
31%
The life of the land is perpetuated in righteousnessHawaii
30%
He who transplanted sustainsConnecticut
29%
To the stars through difficultiesKansas
29%
Nothing without deityColorado
28%
State sovereignty, national unionIllinois
28%
Our liberties we prize and our rights we maintainIowa
27%
Thus always to tyrantsVirginia
27%
By the sword we seek peace, but peace only under libertyMassachusetts
26%
Let it be perpetualIdaho
26%
I leadMaine
25%
Manly deeds, womanly wordsMaryland
25%
It grows as it goesNew Mexico
25%
Union, justice, confidenceLouisiana
25%
Ever upwardNew York
25%
Virtue, liberty and independencePennsylvania
25%
By valor and armsMississippi
24%
With God, all things are possibleOhio
23%
Let the welfare of the people be the supreme lawMissouri
23%
Liberty and propserityNew Jersey
23%
FriendshipTexas
23%
IndustryUtah
22%
Let us be grateful to GodKentucky
22%
All for our country battle bornNevada
22%
She flies with her own wingsOregon
22%
Equality before the lawNebraska
22%
HopeRhode Island
20%
While I breathe, I hope ready in soul and resourceSouth Carolina
20%
ForwardWisconsin
20%
One sows for the benefit of another ageNorth Dakota
19%
To be, rather than to seemNorth Carolina
19%
Labor conquers all thingsOklahoma
19%
Under God the people ruleSouth Dakota
18%
Agriculture and commerceTennessee
18%
By and byWashington
18%
Freedom and unityVermont
18%

Score Distribution

Percentile by Number Answered

Percent of People with Each Score

Your Score History

You have not taken this quiz